La natura divina.

Kaydedildi:
Detaylı Bibliyografya
Yazar: Cicerone (autor)
Diğer Yazarlar: Calcante, Cesare Marco (introduzione, traduzione, note)
Materyal Türü: Kitap
Baskı/Yayın Bilgisi: Milano, Italia: Biblioteca Universale Rizzoli, 1994.
Edisyon:Seconda edizione.
Seri Bilgileri:I Classici della Bur, 828.
Konular:
Etiketler: Etiketle
Etiket eklenmemiş, İlk siz ekleyin!

MARC

LEADER 00000nam a22000007a 4500
003 CL-VaPUC
005 20220822114511.0
008 220620b1994 ||||| |||| 00| 0 eng d
999 |c 436126  |d 436124 
020 |a 88-17-16828- 
040 |c Pontificia Universidad Católica de Valparaíso 
082 7 |a 200.1 CIC 1994  |2 22 
100 1 |a Cicerone  |e autor  |9 870938 
245 3 |a La natura divina. 
250 |a Seconda edizione.  
260 |a Milano, Italia:  |b Biblioteca Universale Rizzoli,   |c 1994. 
300 |a 404 páginas.  
490 |a I Classici della Bur,   |a 828. 
500 |a c.1 Donación Familia Prof. Alejandro Guzmán Brito. 
583 |c 20220620  |k Cristina María Rojas Aguilar 
650 |a Teología   |9 258766 
650 |a Dioses romanos   |9 871256 
700 |a Calcante, Cesare Marco  |e introduzione  |e traduzione  |e note  |9 870939 
942 |2 ddc  |c BK  |n 0 
952 |0 0  |1 0  |2 ddc  |4 0  |6 200_100000000000000_CIC_1994  |7 0  |8 C_AGB  |9 583858  |a BIBDER  |b BIBDER  |d 2022-06-20  |e Donación   |i 5651980  |o 200.1 CIC 1994  |p 5651980  |r 2023-01-25  |t 1  |w 2022-06-20  |y BK_US  |k AGB